[Event "17th "]
[Site "Senta"]
[Date "2013.07.19"]
[Round "8.18"]
[White "Lorincz, Renata"]
[Black "Milosevic, Jovana"]
[Result "0-1"]
[WhiteElo "1847"]
[BlackElo "1902"]
[PlyCount "76"]
[EventDate "2013.07.13"]

1. d4 d5 2. c4 e6 3. Nc3 Nf6 4. Bg5 Be7 5. e3 O-O 6. Nf3 Nbd7 7. Qc2 c6 8.
O-O-O dxc4 9. Bxc4 h6 10. h4 Qa5 11. g4 h5 12. gxh5 Qf5 13. Qxf5 exf5 14. h6 g6
15. h5 Kh7 16. Rdg1 b5 17. Bxf6 Bxf6 18. Bxf7 g5 19. Bg6+ Kxh6 20. Bxf5 Nb6 21.
Be4 Bd7 22. b3 Rae8 23. Bd3 Be7 24. Be2 a6 25. Rh2 Nd5 26. Nxd5 cxd5 27. Rhg2
Rc8+ 28. Kd1 Rg8 29. Ne5 Be6 30. Ng4+ Bxg4 31. Rxg4 Rc3 32. e4 Rgc8 33. f3 Bb4
34. Bxb5 axb5 35. exd5 Rc2 36. R4g2 Rc1+ 37. Ke2 Re8+ 38. Kf2 Be1+ 0-1

[Event "17th "]
[Site "Senta"]
[Date "2013.07.19"]
[Round "8.19"]
[White "Bicskei, Mihaly"]
[Black "Grbin, Stefan"]
[Result "1-0"]
[WhiteElo "1894"]
[BlackElo "1554"]
[PlyCount "87"]
[EventDate "2013.07.13"]

1. e4 c6 2. d4 d5 3. exd5 cxd5 4. c4 Nc6 5. Nc3 e6 6. Nf3 Nf6 7. cxd5 Nxd5 8.
a3 Qa5 9. Bd2 Qb6 10. Na4 Qd8 11. Bb5 Bd7 12. O-O Be7 13. Nc5 Qb6 14. Bxc6 Bxc6
15. b4 Bd6 16. Ne5 Bxe5 17. dxe5 O-O 18. Qg4 Qc7 19. Rfe1 Ne7 20. Rac1 Ng6 21.
Bc3 Rad8 22. h4 Rd5 23. Qg3 Ne7 24. h5 Nf5 25. Qf4 h6 26. Bb2 Qd8 27. Ne4 Qh4
28. Qxh4 Nxh4 29. Bc3 Rfd8 30. f3 Rc8 31. Nd6 Rd8 32. Kf2 Nf5 33. Nxf5 exf5 34.
f4 Rd3 35. e6 fxe6 36. Rxe6 Rc8 37. Rg6 Rc7 38. Be5 Rcd7 39. Rc2 Rxa3 40. b5
Bd5 41. Rc8+ Kh7 42. Rd8 Re7 43. Rxh6+ Kxh6 44. Rh8# 1-0

[Event "17th "]
[Site "Senta"]
[Date "2013.07.19"]
[Round "8.22"]
[White "Soklovacki, Mila"]
[Black "Csomos, Janos"]
[Result "1/2-1/2"]
[WhiteElo "1585"]
[BlackElo "1875"]
[PlyCount "100"]
[EventDate "2013.07.13"]

1. e4 d5 2. e5 c5 3. d4 cxd4 4. Qxd4 a6 5. Nc3 e6 6. f4 Nc6 7. Qf2 Nge7 8. Nf3
Bd7 9. a3 b5 10. Bd3 g6 11. O-O Bg7 12. Ne2 O-O 13. Ned4 Na5 14. Nd2 Qc7 15.
N4b3 Nc4 16. Qc5 Nc6 17. a4 Rab8 18. axb5 axb5 19. Nd4 Qb6 20. Qxb6 Rxb6 21.
N2f3 Nxd4 22. Nxd4 f6 23. Bxc4 bxc4 24. exf6 Bxf6 25. Rd1 Rfb8 26. Ra7 R6b7 27.
Ra6 Kf7 28. c3 h6 29. Nf3 Bb5 30. Ra5 Bd8 31. Ne5+ Kg7 32. Ra1 g5 33. g3 Be8
34. Re1 gxf4 35. gxf4 Kh7 36. Nf3 Rg7+ 37. Kf1 Bh5 38. Nd4 Bb6 39. Rxe6 Bxd4
40. cxd4 Rbg8 41. Be3 Rg2 42. Ra7+ R8g7 43. Rxg7+ Rxg7 44. f5 Bf3 45. Rxh6+ Kg8
46. Rg6 Rxg6 47. fxg6 Kg7 48. Kf2 Be4 49. Kg3 Kxg6 50. h4 Kh5 1/2-1/2

[Event "17th "]
[Site "Senta"]
[Date "2013.07.19"]
[Round "8.26"]
[White "Horvat, Nevena"]
[Black "Milenkovic, Jelena"]
[Result "1/2-1/2"]
[WhiteElo "1636"]
[BlackElo "1502"]
[PlyCount "35"]
[EventDate "2013.07.13"]

1. c4 Nf6 2. Nf3 g6 3. Nc3 Bg7 4. g3 O-O 5. Bg2 d6 6. O-O Nbd7 7. Qc2 Nb6 8. d3
c6 9. b3 d5 10. Bb2 Bf5 11. Nd4 Qc8 12. Nxf5 Qxf5 13. cxd5 cxd5 14. Qd2 Qd7 15.
Rac1 Rac8 16. Rc2 e6 17. Rfc1 Ng4 18. Nd1 1/2-1/2

[Event "17th "]
[Site "Senta"]
[Date "2013.07.19"]
[Round "8.31"]
[White "Radisic, Dragoljub"]
[Black "Rajsli, Andor"]
[Result "1-0"]
[WhiteElo "1409"]
[BlackElo "1635"]
[PlyCount "61"]
[EventDate "2013.07.13"]

1. d4 f5 2. c4 Nf6 3. Nc3 g6 4. e3 Bg7 5. Nf3 O-O 6. Bd3 d6 7. O-O c6 8. b3 Na6
9. a3 Nc7 10. Bb2 Bd7 11. Re1 Qe8 12. Qc2 e5 13. dxe5 dxe5 14. e4 f4 15. Na4
Nh5 16. Nc5 Bc8 17. Be2 Rf7 18. Nd3 Re7 19. Nfxe5 Rxe5 20. Nxe5 Bxe5 21. Bxe5
Qxe5 22. Rad1 Be6 23. Bxh5 Qxh5 24. f3 Qc5+ 25. Kh1 Qxa3 26. Qc3 Qc5 27. Rd2
Qe7 28. Red1 Rc8 29. Qe5 g5 30. Rd7 Rd8 31. Rxd8+ 1-0

[Event "17th "]
[Site "Senta"]
[Date "2013.07.20"]
[Round "9.2"]
[White "Scepanovic, Labud"]
[Black "Zivkovic, Momcilo"]
[Result "0-1"]
[WhiteElo "2187"]
[BlackElo "2138"]
[PlyCount "86"]
[EventDate "2013.07.13"]

1. g3 d5 2. Bg2 Bf5 3. c4 c6 4. Qb3 e6 5. Qxb7 Nd7 6. Nc3 Rb8 7. Qxc6 Rc8 8.
Qb5 Rxc4 9. d3 Rb4 10. Qc6 Ne7 11. Qa6 Nc5 12. Qa3 Nc6 13. Kf1 Rb6 14. Be3 Ra6
15. Qxc5 Bxc5 16. Bxc5 Qa5 17. d4 Rb6 18. e4 Rxb2 19. Nge2 Bxe4 20. Nxe4 dxe4
21. Bxe4 Qb5 22. Bf3 Ne5 23. a4 Qc4 24. dxe5 Qxc5 25. Rc1 Rc2 26. Kg2 O-O 27.
Rxc2 Qxc2 28. a5 Qa4 29. Rb1 Qxa5 30. Rb7 a6 31. Nd4 Qxe5 32. Nc6 Qd6 33. Ra7
g5 34. Rxa6 Rc8 35. g4 h5 36. h3 hxg4 37. hxg4 Kg7 38. Rb6 Rh8 39. Rb2 Qh2+ 40.
Kf1 Qf4 41. Ke2 Qc4+ 42. Kd2 Rh2 43. Rb4 Rxf2+ 0-1

[Event "17th "]
[Site "Senta"]
[Date "2013.07.20"]
[Round "9.3"]
[White "Pajzer, Istvan"]
[Black "Penjov, Damjan"]
[Result "1/2-1/2"]
[WhiteElo "2132"]
[BlackElo "2019"]
[PlyCount "25"]
[EventDate "2013.07.13"]

1. d4 d5 2. c4 c6 3. Nc3 Nf6 4. Bg5 e6 5. e3 Be7 6. Nf3 Nbd7 7. Rc1 h6 8. Bh4
O-O 9. Qc2 Ne4 10. Bxe7 Qxe7 11. Bd3 Nxc3 12. bxc3 e5 13. cxd5 1/2-1/2

[Event "17th "]
[Site "Senta"]
[Date "2013.07.20"]
[Round "9.4"]
[White "Puhalo, Zdravko"]
[Black "Sedlak, Ivan"]
[Result "1/2-1/2"]
[WhiteElo "2065"]
[BlackElo "2124"]
[PlyCount "69"]
[EventDate "2013.07.13"]

1. e4 e6 2. Nc3 d5 3. d3 c5 4. Nf3 Nc6 5. Bd2 Nf6 6. Qe2 d4 7. Nb1 e5 8. h3 Be7
9. g3 h6 10. Bg2 Be6 11. b3 b5 12. O-O Qd7 13. Kh2 g5 14. a4 b4 15. Bc1 O-O-O
16. Nbd2 Rdg8 17. Nc4 Qc7 18. Bd2 Nd7 19. Ng1 f6 20. Bf3 h5 21. Bg2 Bxc4 22.
bxc4 Bd6 23. Kh1 Ne7 24. a5 a6 25. Nf3 Ng6 26. Ng1 Ndf8 27. Qf3 Qe7 28. Rfb1
Kc7 29. Qd1 Ne6 30. Ne2 h4 31. g4 Nd8 32. c3 dxc3 33. Bxc3 Nf4 34. Bb2 Nxe2 35.
Qxe2 1/2-1/2

[Event "17th "]
[Site "Senta"]
[Date "2013.07.20"]
[Round "9.5"]
[White "Bernath, Robert"]
[Black "Dikic, Veljko"]
[Result "1-0"]
[WhiteElo "2135"]
[BlackElo "1925"]
[PlyCount "71"]
[EventDate "2013.07.13"]

1. e4 d6 2. d4 Nf6 3. Nc3 e5 4. Nf3 Nbd7 5. h3 c6 6. Be3 b5 7. Bd3 Be7 8. O-O
O-O 9. a4 b4 10. Ne2 Qc7 11. c3 d5 12. Ng3 dxe4 13. Nxe4 Nxe4 14. Bxe4 f5 15.
Bc2 e4 16. Ng5 Bxg5 17. Bxg5 bxc3 18. bxc3 Nb6 19. f3 Qg3 20. Be3 Be6 21. Bf2
Qg6 22. Re1 Bd5 23. fxe4 fxe4 24. Re3 Nc4 25. Rg3 Qe6 26. Qg4 Qe7 27. Re1 Nd6
28. Rge3 Nc4 29. R3e2 Nd6 30. Bg3 Rae8 31. Be5 Be6 32. Bxd6 Qxd6 33. Qxe4 g6
34. Qh4 Kg7 35. Bb3 Bd7 36. Re7+ 1-0

[Event "17th "]
[Site "Senta"]
[Date "2013.07.20"]
[Round "9.6"]
[White "Dinic, Nenad"]
[Black "Cvetanovic, Damjan"]
[Result "1/2-1/2"]
[WhiteElo "2011"]
[BlackElo "1915"]
[PlyCount "72"]
[EventDate "2013.07.13"]

1. e4 e6 2. d4 d5 3. e5 c5 4. c3 Nc6 5. Nf3 Bd7 6. Bd3 cxd4 7. cxd4 Qb6 8. Nc3
Nxd4 9. Nxd4 Qxd4 10. O-O a6 11. Qe2 g6 12. Kh1 Bg7 13. f4 Qb6 14. Be3 Qd8 15.
Qf2 Ne7 16. Bb6 Qb8 17. Qh4 Nc6 18. Rf3 Bf8 19. Re1 Be7 20. Qh3 Bd8 21. Bf2 b5
22. Qh6 Bb6 23. Qg7 Rf8 24. Bh4 Nd4 25. Rh3 Bd8 26. Bxd8 Qxd8 27. Rxh7 Nf5 28.
Bxf5 gxf5 29. Nxd5 Qa5 30. Nf6+ Ke7 31. Rd1 Rad8 32. Nxd7 Rxd7 33. Rxd7+ Kxd7
34. h3 Qe1+ 35. Kh2 Ke7 36. Qg5+ Ke8 1/2-1/2

[Event "17th "]
[Site "Senta"]
[Date "2013.07.20"]
[Round "9.7"]
[White "Nesovanovic, Miroslav"]
[Black "Ruzicic, Sinisa"]
[Result "1/2-1/2"]
[WhiteElo "1877"]
[BlackElo "1978"]
[PlyCount "147"]
[EventDate "2013.07.13"]

1. e4 c5 2. Nf3 d6 3. d4 cxd4 4. Nxd4 Nf6 5. Nc3 a6 6. Be2 e6 7. Be3 Be7 8. Qd2
b5 9. a3 Bb7 10. f3 O-O 11. O-O Nc6 12. Nxc6 Bxc6 13. Rad1 Qc7 14. Bd3 Nd7 15.
Qf2 Ne5 16. Qg3 Rab8 17. b4 Bf6 18. Ne2 Qb7 19. f4 Nxd3 20. cxd3 e5 21. Kh1 Qe7
22. f5 d5 23. Bc5 Qb7 24. Bxf8 Rxf8 25. exd5 Bxd5 26. Nc3 Bc6 27. Ne4 Bxe4 28.
dxe4 Qxe4 29. Rd6 Kh8 30. Rxa6 Qc4 31. Rd1 h6 32. Rad6 e4 33. R6d5 Re8 34. Rc5
Qa2 35. h4 e3 36. Qe1 e2 37. Rdc1 Qxa3 38. Rc8 Rxc8 39. Rxc8+ Kh7 40. Qxe2 Qxb4
41. g3 Qb1+ 42. Kg2 Qxf5 43. Qc2 Qxc2+ 44. Rxc2 b4 45. Rc5 b3 46. Rb5 b2 47. g4
Be5 48. Kf3 Kg6 49. Ke4 f6 50. Rb7 Bc3 51. Kd3 Be5 52. Ke4 Bc3 53. Kd3 Be1 54.
h5+ Kg5 55. Rxg7+ Kf4 56. Kc2 Bh4 57. Rb7 Kxg4 58. Rxb2 Kxh5 59. Kd3 Kg4 60.
Rb4+ Kg3 61. Ke4 h5 62. Kf5 Bg5 63. Rb3+ Kf2 64. Rb2+ Ke3 65. Rh2 h4 66. Kg4
Ke4 67. Re2+ Kd3 68. Rh2 Ke3 69. Ra2 Ke4 70. Re2+ Kd5 71. Kf5 Kd4 72. Ra2 Ke3
73. Kg4 Ke4 74. Rh2 1/2-1/2

[Event "17th "]
[Site "Senta"]
[Date "2013.07.20"]
[Round "9.8"]
[White "Ridjicki, Nenad"]
[Black "Nestorovic, Irena"]
[Result "0-1"]
[WhiteElo "1835"]
[BlackElo "2039"]
[PlyCount "36"]
[EventDate "2013.07.13"]

1. e4 e5 2. Nf3 Nc6 3. Bb5 a6 4. Bc4 Be7 5. Nc3 Nf6 6. d4 exd4 7. Nxd4 d6 8.
Nxc6 bxc6 9. O-O O-O 10. h3 Be6 11. Bd3 Nd7 12. Be3 f5 13. f4 d5 14. exd5 cxd5
15. Qe2 Nc5 16. Bxc5 Bxc5+ 17. Kh1 Re8 18. Rae1 Bf7 0-1

[Event "17th "]
[Site "Senta"]
[Date "2013.07.20"]
[Round "9.9"]
[White "Milanovic, Maja"]
[Black "Posa, Janos"]
[Result "1-0"]
[WhiteElo "1969"]
[BlackElo "1885"]
[PlyCount "63"]
[EventDate "2013.07.13"]

1. e4 c6 2. d4 d5 3. exd5 cxd5 4. Bd3 Nf6 5. c3 Bg4 6. Qb3 Qc7 7. Bg5 Be6 8.
Nd2 Nbd7 9. Ngf3 Qb6 10. Qc2 h6 11. Bf4 Rc8 12. Bg3 Bg4 13. O-O Bxf3 14. Nxf3
e6 15. Ne5 Nxe5 16. Bxe5 Nd7 17. Bg3 Be7 18. a4 Bf6 19. a5 Qd8 20. Qb3 b6 21.
Ba6 O-O 22. Bxc8 Qxc8 23. axb6 axb6 24. Ra7 Qc6 25. Rc7 Qxc7 26. Bxc7 Rc8 27.
Bg3 Bd8 28. Ra1 Nf6 29. f3 Nh5 30. Qb5 Nxg3 31. hxg3 Kf8 32. Qd7 1-0

[Event "17th "]
[Site "Senta"]
[Date "2013.07.20"]
[Round "9.10"]
[White "Sarnyai, Daniel"]
[Black "Petrovic, Milan M"]
[Result "0-1"]
[WhiteElo "1801"]
[BlackElo "1926"]
[PlyCount "98"]
[EventDate "2013.07.13"]

1. c4 e5 2. Nc3 Nc6 3. g3 f5 4. Bg2 Nf6 5. e4 Bc5 6. exf5 O-O 7. d3 d6 8. Nf3
Bxf5 9. O-O Qe8 10. Be3 Bg4 11. Qd2 Qh5 12. Bxc5 Bxf3 13. Be3 Bg4 14. Nd5 Bh3
15. Nxf6+ Rxf6 16. f4 Raf8 17. Bxh3 Qxh3 18. Qg2 Qxg2+ 19. Kxg2 Nb4 20. fxe5
dxe5 21. Bc5 Rxf1 22. Rxf1 Rxf1 23. Kxf1 Nxd3 24. Bxa7 Nxb2 25. c5 Kf7 26. Bb8
Ke6 27. Bxc7 Kd5 28. Ke2 Na4 29. Ke3 Nxc5 30. h4 Ne6 31. Ba5 Nd4 32. g4 Ne6 33.
Bc3 Nf4 34. Kf3 Ng6 35. h5 Nf8 36. Ke3 Nd7 37. g5 g6 38. hxg6 hxg6 39. Bb2 Nc5
40. Bc1 Ne6 41. Kf3 e4+ 42. Kg4 Kd4 43. Ba3 Kd3 44. Bb4 Ke2 45. Ba5 Kf2 46.
Bb6+ e3 47. Ba7 Ke2 48. Kg3 Kd2 49. Kf3 e2 0-1

[Event "17th "]
[Site "Senta"]
[Date "2013.07.20"]
[Round "9.11"]
[White "Zarkovic, Milos"]
[Black "Davidovic, Zoran"]
[Result "1-0"]
[WhiteElo "1719"]
[BlackElo "1904"]
[PlyCount "115"]
[EventDate "2013.07.13"]

1. d4 e6 2. c4 Nf6 3. Nc3 Bb4 4. a3 Bxc3+ 5. bxc3 b6 6. e3 Bb7 7. f3 Nh5 8. Qc2
d6 9. Bd3 Qh4+ 10. Qf2 Qxf2+ 11. Kxf2 O-O 12. Ne2 Ba6 13. Rd1 Nd7 14. g4 Nhf6
15. e4 e5 16. Be3 Rad8 17. Rac1 c5 18. d5 h6 19. Ng3 Ne8 20. Nf5 Kh7 21. h4 Rh8
22. Rh1 h5 23. gxh5 Ndf6 24. h6 g6 25. Ng3 Nc7 26. Bg5 Nce8 27. Ke2 Rd7 28. h5
Nxh5 29. Nxh5 gxh5 30. Be3 Rg8 31. Rxh5 Rg6 32. Rg1 Rb7 33. a4 Re7 34. Rxg6
fxg6 35. Rh1 Rf7 36. Rf1 Bc8 37. f4 exf4 38. Rxf4 Rxf4 39. Bxf4 Bg4+ 40. Kd2
Bd7 41. Bc2 a6 42. Ke3 Bh3 43. e5 dxe5 44. Bxe5 Kxh6 45. Bb8 Nf6 46. Bc7 b5 47.
axb5 axb5 48. Bd8 Ng4+ 49. Kf4 bxc4 50. Kg3 Ne3 51. Kxh3 Nxc2 52. d6 Nd4 53. d7
Ne6 54. Be7 Kg7 55. d8=Q Nxd8 56. Bxd8 Kf7 57. Bb6 Kf6 58. Kg4 1-0

[Event "17th "]
[Site "Senta"]
[Date "2013.07.20"]
[Round "9.12"]
[White "Milosevic, Jovana"]
[Black "Farkas, Sandor I"]
[Result "1/2-1/2"]
[WhiteElo "1902"]
[BlackElo "1862"]
[PlyCount "44"]
[EventDate "2013.07.13"]

1. Nf3 Nf6 2. c4 g6 3. Nc3 Bg7 4. e4 d6 5. d4 O-O 6. Be2 Na6 7. O-O e5 8. Be3
Ng4 9. Bg5 f6 10. Bc1 f5 11. Bg5 Qe8 12. dxe5 Nxe5 13. exf5 Nxf3+ 14. Bxf3 Rxf5
15. Re1 Be5 16. Qd2 Qf8 17. Be4 Nc5 18. Bxf5 Bxf5 19. Rxe5 dxe5 20. Qd5+ Ne6
21. Bh4 Qb4 22. Re1 Qxb2 1/2-1/2

[Event "17th "]
[Site "Senta"]
[Date "2013.07.20"]
[Round "9.14"]
[White "Ilicic, Mirko"]
[Black "Soklovacki, Marija"]
[Result "1-0"]
[WhiteElo "2029"]
[BlackElo "1886"]
[PlyCount "73"]
[EventDate "2013.07.13"]

1. d4 d5 2. c4 c6 3. Nc3 Nf6 4. e3 e6 5. Nf3 Bd6 6. Bd3 Nbd7 7. O-O O-O 8. e4
dxe4 9. Nxe4 Nxe4 10. Bxe4 f5 11. Bc2 h6 12. Re1 Rf6 13. Ne5 c5 14. Be3 Qc7 15.
f4 Nf8 16. d5 b6 17. Bd2 exd5 18. cxd5 Bb7 19. Bc3 Nh7 20. Nf3 Rf7 21. Ne5 Rf6
22. Qf3 b5 23. Nc6 Rf7 24. Ba5 Qd7 25. Rad1 Rf6 26. Bc3 Rff8 27. Be5 Bxe5 28.
Rxe5 Rf7 29. Rde1 Bxc6 30. dxc6 Qd4+ 31. Kh1 Rc8 32. Bxf5 Rcc7 33. Be6 Nf6 34.
Bxf7+ Kxf7 35. Qb3+ c4 36. Qxb5 Qxf4 37. Qb8 1-0

[Event "17th "]
[Site "Senta"]
[Date "2013.07.20"]
[Round "9.19"]
[White "Toth, Kazmer"]
[Black "Soklovacki, Mila"]
[Result "1/2-1/2"]
[WhiteElo "1995"]
[BlackElo "1585"]
[PlyCount "58"]
[EventDate "2013.07.13"]

1. f4 f5 2. Nf3 Nf6 3. g3 g6 4. Bg2 Bg7 5. Nc3 e6 6. b3 Nc6 7. Bb2 Qe7 8. e3 b6
9. Qe2 Bb7 10. d4 d5 11. Ne5 Nxe5 12. dxe5 Ne4 13. Bxe4 dxe4 14. O-O-O O-O 15.
g4 Rad8 16. g5 Rxd1+ 17. Rxd1 Rd8 18. Kb1 a6 19. a4 Rxd1+ 20. Qxd1 Bc6 21. Qe2
Bb7 22. Qd2 Bc8 23. Ne2 Qd7 24. Kc1 Qxd2+ 25. Kxd2 Bf8 26. c3 Kf7 27. c4 Bd7
28. Bc3 a5 29. Nd4 c5 1/2-1/2

[Event "17th "]
[Site "Senta"]
[Date "2013.07.20"]
[Round "9.23"]
[White "Csomos, Janos"]
[Black "Radisic, Dragoljub"]
[Result "1-0"]
[WhiteElo "1875"]
[BlackElo "1409"]
[PlyCount "57"]
[EventDate "2013.07.13"]

1. d4 Nf6 2. c4 b6 3. Nf3 e6 4. g3 Ba6 5. b3 c5 6. Bg2 Bb7 7. dxc5 bxc5 8. O-O
Nc6 9. Nc3 a6 10. Bb2 Be7 11. e4 O-O 12. e5 Ng4 13. Ne4 Qc7 14. Re1 Kh8 15.
Ned2 Rad8 16. Qe2 d6 17. exd6 Rxd6 18. Ne4 Rd7 19. h3 Nh6 20. g4 f5 21. Neg5
Nd8 22. Nxe6 Nxe6 23. Qxe6 Bc8 24. Qxh6 Bf6 25. Bxf6 Rdf7 26. Be5 Qxe5 27. Nxe5
gxh6 28. Nxf7+ Rxf7 29. Re8+ 1-0

[Event "17th "]
[Site "Senta"]
[Date "2013.07.20"]
[Round "9.24"]
[White "Grbin, Stefan"]
[Black "Lorincz, Renata"]
[Result "0-1"]
[WhiteElo "1554"]
[BlackElo "1847"]
[PlyCount "106"]
[EventDate "2013.07.13"]

1. Nf3 d5 2. c4 e6 3. d4 Nf6 4. Bg5 Be7 5. Nc3 O-O 6. e3 h6 7. Bh4 b6 8. Be2
Bb7 9. O-O Nbd7 10. Bg3 c5 11. cxd5 Nxd5 12. Rc1 Rc8 13. Ne5 N7f6 14. Bf3 cxd4
15. Qxd4 Nxc3 16. Qxd8 Rfxd8 17. Rxc3 Rxc3 18. bxc3 Bxf3 19. gxf3 Rc8 20. c4
Nh5 21. Rc1 Nxg3 22. fxg3 Ba3 23. Rc2 b5 24. Kf1 f6 25. Nd3 Rxc4 26. Rxc4 bxc4
27. Ne1 Kf7 28. Nc2 Bb2 29. Ke2 Ke7 30. Nd4 Bxd4 31. exd4 Kd6 32. Kd2 h5 33.
Kc3 Kd5 34. f4 g5 35. fxg5 fxg5 36. h3 g4 37. h4 Ke4 38. Kxc4 Kf3 39. Kc5 Kxg3
40. Kd6 Kxh4 41. Kxe6 g3 42. d5 g2 43. d6 g1=Q 44. d7 Qg4+ 45. Ke7 Qg5+ 46. Ke8
Qe5+ 47. Kd8 Kg5 48. Kc8 Qc5+ 49. Kb7 Qd6 50. Kc8 Qc6+ 51. Kd8 h4 52. Ke7 Qxd7+
53. Kxd7 h3 0-1

[Event "17th "]
[Site "Senta"]
[Date "2013.07.20"]
[Round "9.25"]
[White "Farkas, Istvan"]
[Black "Petrovic, Tamara"]
[Result "0-1"]
[WhiteElo "1585"]
[BlackElo "1679"]
[PlyCount "28"]
[EventDate "2013.07.13"]

1. Nf3 Nf6 2. g3 d5 3. Bg2 c5 4. d3 Nc6 5. O-O e5 6. e3 Be7 7. Nbd2 O-O 8. c4
Bf5 9. Qe2 dxc4 10. dxc4 Bd3 11. Qe1 Bxf1 12. Qxf1 Qc7 13. b3 Rad8 14. Bb2 e4
0-1

[Event "17th "]
[Site "Senta"]
[Date "2013.07.20"]
[Round "9.28"]
[White "Nickovic, Teodora"]
[Black "Kormanyos, Akos"]
[Result "1/2-1/2"]
[WhiteElo "1536"]
[BlackElo "1684"]
[PlyCount "26"]
[EventDate "2013.07.13"]

1. e4 e5 2. Nf3 Nc6 3. Bc4 Nf6 4. d3 Bc5 5. c3 d6 6. Bb3 h6 7. Nbd2 Bg4 8. Nf1
Qd7 9. Ng3 Nh5 10. Nxh5 Bxh5 11. Qe2 Qg4 12. O-O Rf8 13. Bd1 O-O-O 1/2-1/2

[Event "17th "]
[Site "Senta"]
[Date "2013.07.20"]
[Round "9.29"]
[White "Barta, Aron"]
[Black "Nestorovic, Katarina"]
[Result "1/2-1/2"]
[WhiteElo "1610"]
[BlackElo "1484"]
[PlyCount "56"]
[EventDate "2013.07.13"]

1. e4 c5 2. d3 e6 3. Nf3 Nf6 4. Bg5 Be7 5. Nc3 h6 6. Be3 O-O 7. h3 Nc6 8. Be2
d5 9. exd5 exd5 10. d4 b6 11. O-O Bb7 12. Nh2 Re8 13. Bf3 Qd6 14. dxc5 bxc5 15.
Nxd5 Nxd5 16. Bxd5 Rad8 17. Bf3 Qe5 18. Qe2 Nd4 19. Bxd4 Qxe2 20. Bxe2 Rxd4 21.
Nf3 Bxf3 22. Bxf3 Rd2 23. Rac1 Bg5 24. b3 Rd4 25. Rcd1 Red8 26. Rxd4 Rxd4 27.
Rd1 Rxd1+ 28. Bxd1 Kf8 1/2-1/2

[Event "17th "]
[Site "Senta"]
[Date "2013.07.20"]
[Round "9.39"]
[White "Olajos, Gyozo"]
[Black "Mravik, Katalin"]
[Result "1-0"]
[WhiteElo "1690"]
[BlackElo "1589"]
[PlyCount "35"]
[EventDate "2013.07.13"]

1. d4 d6 2. Nc3 Nf6 3. Bf4 Nbd7 4. e3 a6 5. Bc4 e6 6. Nf3 b6 7. Qe2 Bb7 8.
O-O-O Qe7 9. Rhe1 h6 10. h3 O-O-O 11. Bxa6 Nb8 12. Bxb7+ Kxb7 13. Rd3 g6 14. e4
Bg7 15. Nb5 Rhe8 16. Ra3 Kc8 17. Qc4 Qd7 18. Nxd6+ 1-0

[Event "Prvenstvo Sente   SENTA 2014"]
[Site "Senta"]
[Date "2014.01.24"]
[Round "1.1"]
[White "Bacsa, Zoltan"]
[Black "Simonyi, Zoltan"]
[Result "0-1"]
[WhiteElo "1654"]
[BlackElo "2271"]
[PlyCount "92"]
[EventDate "2014.01.24"]

1. e4 g6 2. Nf3 Bg7 3. d4 d6 4. h3 c6 5. Nc3 b5 6. a3 Nd7 7. Be2 Nb6 8. O-O Nf6
9. Bf4 Nc4 10. Bxc4 bxc4 11. Qe2 Qb6 12. Rab1 O-O 13. Rfd1 Ba6 14. Be3 Nd7 15.
d5 c5 16. Qd2 Qa5 17. Bh6 Bxc3 18. Qxc3 Qxc3 19. bxc3 Rfb8 20. Nd2 Nb6 21. Bf4
Na4 22. Rxb8+ Rxb8 23. Nb1 f6 24. Kf1 Rb2 25. Rc1 Ra2 26. Ke1 Bb5 27. Kd1 Kf7
28. h4 Ke8 29. f3 Kd7 30. Kd2 Nb6 31. g3 Ba4 32. g4 e6 33. dxe6+ Kxe6 34. Bg3
d5 35. exd5+ Kxd5 36. h5 gxh5 37. gxh5 Bd7 38. Rd1 Bf5 39. Kc1+ Kc6 40. Rd2 Nd5
41. Re2 a6 42. Bh2 Ra1 43. Kb2 Rxb1+ 44. Kxb1 Nxc3+ 45. Kb2 Nxe2 46. f4 Kd5 0-1

[Event "Prvenstvo Sente   SENTA 2014"]
[Site "Senta"]
[Date "2014.01.24"]
[Round "1.2"]
[White "Farkas, Tibor"]
[Black "Soklovacki, Mila"]
[Result "1-0"]
[WhiteElo "2251"]
[BlackElo "1632"]
[PlyCount "47"]
[EventDate "2014.01.24"]

1. e4 c5 2. Nf3 Nc6 3. c3 d5 4. exd5 Qxd5 5. d4 cxd4 6. cxd4 e6 7. a3 Nf6 8.
Nc3 Qd8 9. Bd3 Be7 10. O-O O-O 11. Re1 b6 12. Bg5 Bb7 13. Bc2 h6 14. Bh4 g5 15.
Qd2 Nh5 16. Rad1 Ng7 17. Bg3 f5 18. d5 exd5 19. Nxd5 f4 20. Qd3 Nf5 21. Qb3 Kh8
22. Bxf5 Bf6 23. Nxf4 Bd4 24. Ng6+ 1-0

[Event "Prvenstvo Sente   SENTA 2014"]
[Site "Senta"]
[Date "2014.01.24"]
[Round "1.3"]
[White "Vilagos, Emil"]
[Black "Vranic, Ljubomir"]
[Result "0-1"]
[WhiteElo "1626"]
[BlackElo "2213"]
[PlyCount "68"]
[EventDate "2014.01.24"]

1. e4 d6 2. d4 Nf6 3. Nc3 Nbd7 4. Be3 e5 5. Nf3 c6 6. a4 a5 7. Be2 Be7 8. O-O
O-O 9. h3 Re8 10. Re1 Bf8 11. Bg5 Qb6 12. dxe5 dxe5 13. Rb1 Bc5 14. Bh4 Nf8 15.
Nd2 Ng6 16. Nc4 Qa7 17. Bg3 Be6 18. Bf1 Rad8 19. Qf3 Bd4 20. b4 axb4 21. Rxb4
Qc5 22. Reb1 Bxc3 23. Qxc3 Nxe4 24. Qf3 Nxg3 25. Qxg3 Rd4 26. Qc3 Nf4 27. Re1
f6 28. Reb1 Nd5 29. Qb3 Nxb4 30. Qxb4 Qxb4 31. Rxb4 c5 32. c3 Rd1 33. Ne3 Rxf1+
34. Kxf1 cxb4 0-1

[Event "Prvenstvo Sente   SENTA 2014"]
[Site "Senta"]
[Date "2014.01.24"]
[Round "1.4"]
[White "Nagy, Attila N"]
[Black "Grbin, Stefan"]
[Result "1-0"]
[WhiteElo "2206"]
[BlackElo "1609"]
[PlyCount "111"]
[EventDate "2014.01.24"]

1. d4 Nf6 2. c4 d5 3. cxd5 Nxd5 4. e4 Nf6 5. Nc3 e6 6. Nf3 c6 7. Bd3 Nbd7 8.
O-O Be7 9. Qe2 O-O 10. Rd1 Re8 11. Bg5 h6 12. Bf4 Bb4 13. Rac1 Nf8 14. a3 Ba5
15. Qd2 Ng6 16. e5 Bxc3 17. bxc3 Nxf4 18. Qxf4 Nd7 19. Nd2 Qe7 20. Nc4 Rf8 21.
Rb1 f5 22. exf6 Nxf6 23. Rb3 Nd5 24. Qe4 Nf6 25. Qg6 Qf7 26. Re1 Qxg6 27. Bxg6
Rd8 28. Na5 Rd7 29. Rxe6 Rxd4 30. cxd4 Bxe6 31. Rxb7 Bd5 32. Rc7 Rd8 33. Nxc6
Bxc6 34. Rxc6 Nd5 35. g3 Ne7 36. Re6 Nxg6 37. Rxg6 Rxd4 38. Ra6 Rd7 39. Kg2 Kf7
40. Kf3 Re7 41. h4 Kf8 42. a4 Kf7 43. a5 Kf8 44. Kg4 Kf7 45. f4 Rc7 46. Rd6 Ke7
47. Rg6 Kf7 48. h5 Rc5 49. Ra6 Rc7 50. Rd6 Ke7 51. Rd5 Rc6 52. Rb5 Rc7 53. Kf5
Kf7 54. a6 Kf8 55. Rb8+ Kf7 56. Rb7 1-0

[Event "Prvenstvo Sente   SENTA 2014"]
[Site "Senta"]
[Date "2014.01.24"]
[Round "1.5"]
[White "Farkas, Istvan"]
[Black "Pajzer, Istvan"]
[Result "0-1"]
[WhiteElo "1570"]
[BlackElo "2157"]
[PlyCount "56"]
[EventDate "2014.01.24"]

1. e4 c5 2. Nf3 d6 3. d3 Nc6 4. c3 Nf6 5. Bg5 e6 6. Nbd2 Be7 7. Be2 O-O 8. O-O
h6 9. Bh4 Bd7 10. h3 b5 11. a3 a5 12. b3 a4 13. b4 cxb4 14. cxb4 Qb6 15. Rc1
Rac8 16. Nb1 Nd4 17. Nxd4 Qxd4 18. Qd2 Nxe4 19. dxe4 Qxd2 20. Nxd2 Bxh4 21. g3
Bf6 22. Nb1 Rfd8 23. Rcd1 Be7 24. Kg2 g6 25. f4 f5 26. e5 dxe5 27. fxe5 Rc2 28.
Rf2 Rxe2 0-1

[Event "Prvenstvo Sente   SENTA 2014"]
[Site "Senta"]
[Date "2014.01.24"]
[Round "1.6"]
[White "Sente, Damir"]
[Black "Boros, Tamas I"]
[Result "1-0"]
[WhiteElo "2103"]
[BlackElo "1536"]
[PlyCount "67"]
[EventDate "2014.01.24"]

1. Nf3 Nc6 2. d4 d5 3. c4 Nf6 4. Nc3 e6 5. g3 Be7 6. Bg2 dxc4 7. O-O O-O 8. e3
Bd6 9. Qe2 Nd5 10. Qxc4 Nxc3 11. bxc3 e5 12. Rd1 e4 13. Nd2 Bg4 14. Re1 Be6 15.
Qb5 f5 16. d5 a6 17. Qb3 Na5 18. Qa4 Bd7 19. Qc2 c6 20. dxc6 Bxc6 21. Nb3 Nc4
22. Nd4 Rf6 23. Nxc6 bxc6 24. Qb3 Rg6 25. Qxc4+ Kh8 26. a4 Qc7 27. Ba3 Bxa3 28.
Rxa3 Ra7 29. Rd1 h6 30. Rb3 Rf6 31. Rdb1 Rf8 32. Rd1 Rc8 33. Qe6 Rf8 34. Bh3
1-0